Truyện cổ tích các dân tộc thiểu số Việt Nam: Truyện cổ tích loài vật
v.v...
Đã lưu trong:
| Tác giả chính: | |
|---|---|
| Định dạng: | Sách |
| Năm xuất bản: |
H.
Khoa học xã hội
2014
|
| Chủ đề: | |
| Tags: |
Thêm thẻ
Không có thẻ, Hãy là người đầu tiên gắn thẻ bản ghi này!
|
| LEADER | 00837nam a2200181 4500 | ||
|---|---|---|---|
| 082 | |a 398.24509597 |b NG527TH | ||
| 100 | |a Nguyễn Thị Yên | ||
| 245 | |a Truyện cổ tích các dân tộc thiểu số Việt Nam: Truyện cổ tích loài vật |c Nguyễn Thị Yên | ||
| 260 | |a H. |b Khoa học xã hội |c 2014 | ||
| 300 | |a 503 tr. |c 21 cm | ||
| 520 | |a v.v... | ||
| 653 | |a Truyện cổ tích Việt Nam | ||
| 653 | |a Văn học dân gian | ||
| 653 | |a Dân tộc thiểu số | ||
| 942 | |2 ddc |c SH | ||
| 999 | |c 8164 |d 8164 | ||
| 952 | |0 0 |1 0 |2 ddc |4 0 |6 398_245095970000000_NG527TH |7 0 |8 300 |9 69261 |a qbu |b qbu |c D2 |d 2015-04-03 |o 398.24509597 NG527TH |p 7726.c1 |r 0000-00-00 |w 2015-04-03 |y SH | ||
| 952 | |0 0 |1 0 |2 ddc |4 0 |6 398_245095970000000_NG527TH |7 0 |8 300 |9 97897 |a qbu |b qbu |c D2 |d 2015-11-09 |l 1 |o 398.24509597 NG527TH |p 7726.c2 |r 2016-08-30 |s 2016-08-23 |w 2015-11-09 |y SH | ||